000 00440cas a2200145 4500
008 110721n eng u
022 _a10216790
035 _a(Sirsi) a173869
050 _aRA 756.E8
245 _aEthiopian Journal of Health Development
260 _aAddis Ababa
_bEthiopian Public Health Association
310 _a3 in year
362 _aVol. 24, no. 3, 2010
520 _aA Journal discussing health matters in Ethiopia
999 _c48582
_d48582